| 000 | 00800nam a2200241Ia 4500 | ||
|---|---|---|---|
| 999 |
_c36040 _d36040 |
||
| 001 | 1939 | ||
| 003 | GE_BSU | ||
| 005 | 20221011105458.0 | ||
| 008 | 181216s2007ru xx |||||||||||||| ||rus|| | ||
| 020 | _a8785468000434 | ||
| 040 | _cGE_BSU | ||
| 041 | _arus | ||
| 080 | _a349.2(075.8) Н-53 | ||
| 100 |
_aНиконов, Д.А. _915222 |
||
| 245 |
_aТудовое право : _bУчебно-методический коплекс / _cД.А. Никонов, А. В. Стремоухов |
||
| 264 |
_aМосква : _bНорма. _c2007. |
||
| 300 |
_a431 с.: _b 21 см. |
||
| 653 | _aТрудовое право. | ||
| 653 | _aᲨრომის სამართალი | ||
| 653 | _aსამართალი | ||
| 700 |
_aСтремоухов, А. В. _915223 |
||
| 942 |
_cBK _2udc |
||